A conscience as large as the world : (Record no. 125134)
[ view plain ]
| 000 -LEADER | |
|---|---|
| fixed length control field | 01835fam a2200409 a 4500 |
| 001 - CONTROL NUMBER | |
| control field | 1943773 |
| 003 - CONTROL NUMBER IDENTIFIER | |
| control field | ARRUPE |
| 005 - DATE AND TIME OF LATEST TRANSACTION | |
| control field | 20160824114630.0 |
| 008 - FIXED-LENGTH DATA ELEMENTS--GENERAL INFORMATION | |
| fixed length control field | 960605s1997 mdu b 001 0 eng |
| 010 ## - LIBRARY OF CONGRESS CONTROL NUMBER | |
| LC control number | 96021007 //r96 |
| 020 ## - INTERNATIONAL STANDARD BOOK NUMBER | |
| International Standard Book Number | 0847683257 (alk. paper) |
| 020 ## - INTERNATIONAL STANDARD BOOK NUMBER | |
| International Standard Book Number | 0847683265 (pbk. : alk. paper) |
| 035 ## - SYSTEM CONTROL NUMBER | |
| System control number | (OCoLC)503177118 |
| 035 ## - SYSTEM CONTROL NUMBER | |
| System control number | (OCoLC)ocn503177118 |
| 035 ## - SYSTEM CONTROL NUMBER | |
| System control number | (NNC)1943773 |
| 040 ## - CATALOGING SOURCE | |
| Original cataloging agency | DLC |
| Transcribing agency | DLC |
| Modifying agency | DLC |
| -- | NNC |
| -- | OrLoB-B |
| 050 00 - LIBRARY OF CONGRESS CALL NUMBER | |
| Classification number | JC261.S58 |
| Item number | R68 1997 |
| 082 00 - DEWEY DECIMAL CLASSIFICATION NUMBER | |
| Classification number | 322/.1 |
| Edition number | 20 |
| 300 ## - PHYSICAL DESCRIPTION | |
| Dimensions | 24 cm. |
| 100 1# - MAIN ENTRY--PERSONAL NAME | |
| Personal name | Rourke, Thomas R. |
| 9 (RLIN) | 25468 |
| 245 12 - TITLE STATEMENT | |
| Title | A conscience as large as the world : |
| Remainder of title | Yves Simon versus the Catholic neoconservatives / |
| Statement of responsibility, etc | Thomas R. Rourke. |
| 260 ## - PUBLICATION, DISTRIBUTION, ETC. (IMPRINT) | |
| Place of publication, distribution, etc | Lanham, Md. : |
| Name of publisher, distributor, etc | Rowman & Littlefield Publishers, |
| Date of publication, distribution, etc | 1997. |
| 300 ## - PHYSICAL DESCRIPTION | |
| Extent | xiii, 287 p. ; |
| 490 1# - SERIES STATEMENT | |
| Series statement | Religious forces in the modern political world |
| 504 ## - BIBLIOGRAPHY, ETC. NOTE | |
| Bibliography, etc | Includes bibliographical references (p. 267-286) and index. |
| 505 00 - FORMATTED CONTENTS NOTE | |
| Miscellaneous information | 1. |
| Title | Introduction -- |
| Miscellaneous information | 2. |
| Title | Practical Reason -- |
| Miscellaneous information | 3. |
| Title | The Political System -- |
| Miscellaneous information | 4. |
| Title | The Economic System -- |
| Miscellaneous information | 5. |
| Title | The Moral-Cultural System -- |
| Miscellaneous information | 6. |
| Title | Conclusion -- |
| Miscellaneous information | Appendix. |
| Title | Ecclesiastical Documents. |
| 600 10 - SUBJECT ADDED ENTRY--PERSONAL NAME | |
| Personal name | Simon, Yves René Marie, |
| Dates associated with a name | 1903-1961 |
| General subdivision | Contributions in political science. |
| 9 (RLIN) | 25469 |
| 600 10 - SUBJECT ADDED ENTRY--PERSONAL NAME | |
| Personal name | Novak, Michael |
| General subdivision | Contributions in political science. |
| 9 (RLIN) | 25470 |
| 600 10 - SUBJECT ADDED ENTRY--PERSONAL NAME | |
| Personal name | Neuhaus, Richard John |
| General subdivision | Contributions in political science. |
| 9 (RLIN) | 25471 |
| 600 10 - SUBJECT ADDED ENTRY--PERSONAL NAME | |
| Personal name | Weigel, George |
| General subdivision | Contributions in political science. |
| 9 (RLIN) | 25472 |
| 610 20 - SUBJECT ADDED ENTRY--CORPORATE NAME | |
| Corporate name or jurisdiction name as entry element | Catholic Church |
| General subdivision | Doctrines. |
| 9 (RLIN) | 25473 |
| 650 #0 - SUBJECT ADDED ENTRY--TOPICAL TERM | |
| Topical term or geographic name as entry element | Conservatism |
| General subdivision | Religious aspects |
| -- | Catholic Church. |
| 9 (RLIN) | 25474 |
| 650 #0 - SUBJECT ADDED ENTRY--TOPICAL TERM | |
| Topical term or geographic name as entry element | Christian sociology |
| General subdivision | Catholic Church. |
| 9 (RLIN) | 25475 |
| 650 #0 - SUBJECT ADDED ENTRY--TOPICAL TERM | |
| Topical term or geographic name as entry element | Christianity and politics |
| General subdivision | Catholic Church. |
| 9 (RLIN) | 25476 |
| 830 #0 - SERIES ADDED ENTRY--UNIFORM TITLE | |
| Uniform title | Religious forces in the modern political world. |
| 9 (RLIN) | 25477 |
| 900 ## - EQUIVALENCE OR CROSS-REFERENCE-PERSONAL NAME [LOCAL, CANADA] | |
| Numeration | TOC |
| 942 ## - ADDED ENTRY ELEMENTS (KOHA) | |
| Source of classification or shelving scheme | Library of Congress Classification |
| Koha item type | Monograph ( Printed materials) |
| Withdrawn status | Lost status | Source of classification or shelving scheme | Damaged status | Not for loan | Collection code | Home library | Current library | Shelving location | Date acquired | Total Checkouts | Full call number | Barcode | Date last seen | Price effective from | Koha item type |
|---|---|---|---|---|---|---|---|---|---|---|---|---|---|---|---|
| Library of Congress Classification | Main Collection | ARRUPE LIBRARY | ARRUPE LIBRARY | Main Collection | 24/08/2016 | JC261.S58R68 1997 | 46500009584 | 29/06/2018 | 24/08/2016 | Monograph ( Printed materials) |